000 01066nam a2200217Ia 4500
003 Ost
005 20260507075637.0
008 260507s9999||||xx |||||||||||||| ||und||
040 _cfsecg
041 _aara
082 _a338.72
100 _aماهر، أحمد
_eمؤلف
245 0 _aدليل المدير في الخصخصة /
_c أحمد ماهر
250 _aطبعة جديدة
260 _aالإسكندرية:
_bالدار الجامعية,
_c2002
300 _a410 صفحة؛
_bإيضاحات ؛
_c24 سم
520 _aماهية الخصخصة- قرار الخصخصة- طرق الخصخصة- البيع وعقود الإدارة- الخصخصة من خلال البيع للعاملين- تقييم الشركات العامة بغرض خصخصتها- إعادة هيكلة القطاع العام- إعادة هيكلة الشركة-إدارة الشركات في ظل الخصخصة- الخصخصة ومشكلة العمالة الزائدة
653 _aالقطاع الخاص
653 _aالقطاع العام
942 _cكتاب
999 _c45324
_d45324